| 000 | 00621nam a22001937a 4500 | ||
|---|---|---|---|
| 999 |
_c143 _d143 |
||
| 003 | AR-CdUCM | ||
| 008 | 190221b ||||| |||| 00| 0 eng d | ||
| 040 |
_aMUNICIPALIDAD PROVINCIAL DEL CUSCO _cBIBLIOTECA MUNICIPAL DEL CUSCO |
||
| 082 |
_a882.3 / _bEU94 _24ed |
||
| 100 |
_aEuripides _9680 |
||
| 245 | _aLas Troyanas / | ||
| 260 |
_aMadrid : _bEditorial Espasa - Calpe, S.A. ; _c1969. |
||
| 300 |
_a146 paginas. : _c18 cm. |
||
| 440 |
_aColección Austral. _n14 _9681 |
||
| 505 | _aContenido : Electra -- Ifigenia en Tauride -- Las Troyanas. | ||
| 650 |
_aTroyanas _9682 |
||
| 942 |
_2ddc _cLIBROS |
||
| 945 |
_arum _d2019-02-21 |
||